Statistics for Choose the odd capital

Click here to take the quiz!

General Stats

  • This quiz has been taken 12 times
  • The average score is 10 of 15

Answer Stats

CapitalsOdd Capital% Correct
London, Cairo, Paris, RomeCairo
100%
Doha, Abu-Dhabi, Muscat, JakartaJakarta
100%
Vilnius, Copenhagen, Tallinn, RigaCopenhagen
91%
Valletta, Lisbon, Male, HavanaLisbon
82%
Khartoum, Niamey, Montevideo, DakarMontevideo
82%
Bern, Riga, Berlin, MadridBern
73%
Oslo, Athens, Rome, OttawaAthens
64%
Berlin, London, Madrid, ParisParis
64%
Bandar Seri Begawan, Kuala Lumpur, Canberra, JakartaCanberra
55%
Dodoma, Wellington, Warsaw, Buenos AiresWarsaw
55%
Sofia, Kyiv, Warsaw, BucharestWarsaw
55%
Vienna, Bern, Berlin, BratislavaBratislava
45%
Dublin, Luxembourg, Amsterdam, BrusselsDublin
45%
Reykjavik, Maputo, Washington, HelsinkiMaputo
36%
Minsk, Prague, Tashkent, BakuPrague
36%

Score Distribution

Percentile by Number Answered

Percent of People with Each Score

Your Score History

You have not taken this quiz